000 00286nam a22001337a 4500
008 170412b xxu||||| |||| 00| 0 eng d
020 _a9780323032476
041 _aeng
080 _a618
100 _a10
101 _aSHM
245 _aGENERAL GYNECOLOGY
_cSOLOL.I
942 _2udc
_cBK
999 _c10567
_d10567